Business and Finance Series 2 Tập 2

Gardado en:
Detalles Bibliográficos
Autor Principal: Berwich, Gwen
Formato: Libro
Idioma:English
Publicado: TP HCM 2009
Những chủ đề:
Các nhãn: Engadir etiqueta
Sen Etiquetas, Sexa o primeiro en etiquetar este rexistro!
Thư viện lưu trữ: Mạng thư viện Đại học Đà Nẵng
LEADER 00861nam a22002531a 4500
001 000034494
003 10693
005 20151027133552.0
008 151027s2009 000 eng
041 |a eng 
082 |a 420.33  |b BE-G  |2 Tập 2 
100 |a Berwich, Gwen 
245 |a Business and Finance Series 2  |c Gwen Berwich  |n Tập 2 
260 |a TP HCM  |c 2009 
300 |a 158tr. : mh ; 30cm 
650 |a Business and Finance Series 2, Business, Finance 
OWN |a LNN 
AVA |a UDN50  |b LNN  |d 420.33 BE-G  |e available  |t Error 5001 Not defined in file expand_doc_bib_avail.  |f 2  |g 0  |h N  |i 0  |k 1 
999 |a From the UDN01 
AVA |a UDN50  |b LNN  |d 420.33 BE-G  |e available  |t Error 5001 Not defined in file expand_doc_bib_avail.  |f 2  |g 0  |h N  |i 0  |k 1 
TYP |a Monograph 
980 |a Mạng thư viện Đại học Đà Nẵng